000 00291nam a2200121Ia 4500
008 190216s9999||||xx |||||||||||||| ||und||
100 _aJanardhanapillai
245 0 _aAbc Series In Mathematics
260 _bAjith Book Center
_c1982
300 _a166p
650 _aMathematics
942 _cBK
999 _c31342
_d31342